[Event "HUN-chT2 Charousek 1819"]
[Site "Hungary"]
[Date "2018.12.02"]
[Round "5.7"]
[White "Bihercz, Gabor"]
[Black "Jamrich, Gyorgy"]
[Result "1-0"]
[WhiteElo "2211"]
[BlackElo "2181"]
[PlyCount "97"]
[EventDate "2018.09.23"]
[EventType "team-tourn"]
[EventRounds "11"]
[EventCountry "HUN"]
[SourceTitle "CBM 189 Extra"]
[Source "ChessBase"]
[SourceDate "2019.06.03"]
[SourceVersion "1"]
[SourceVersionDate "2019.06.03"]
[SourceQuality "1"]
[WhiteTeam "Komlo Banyasz"]
[BlackTeam "Biatorbagy"]
[WhiteTeamCountry "HUN"]
[BlackTeamCountry "HUN"]

1. e4 e5 2. Nf3 Nc6 3. Bc4 Bc5 4. c3 Nf6 5. d4 exd4 6. e5 d5 7. Bb5 Ne4 8. cxd4 Bb4+ 9. Bd2 Nxd2 10. Nbxd2 0-0 11. 0-0 Nb8 12. Qc2 h6 13. Rac1 c6 14. Bd3 Re8 15. Nb3 a5 16. a3 Bf8 17. h3 b6 18. Rfe1 Bd7 19. Bh7+ Kh8 20. Bf5 Ra7 21. e6 Bxe6 22. Bxe6 Rxe6 23. Rxe6 fxe6 24. Ne5 Qf6 25. Nd2 Bd6 26. Ndf3 Rc7 27. Qb3 b5 28. a4 b4 29. Qd3 Kg8 30. Qe2 Qf4 31. Re1 Bxe5 32. Nxe5 Qf5 33. Nd3 Rf7 34. g4 Qf6 35. Qxe6 Qxd4 36. Qc8+ Kh7 37. Re3 Nd7 38. Qxc6 Nf6 39. Qe6 Rc7 40. Qf5+ Kg8 41. Re6 b3 42. Rd6 Qe4 43. Rd8+ Kf7 44. Rb8 Qxa4 45. Ne5+ Ke7 46. Ng6+ Kd6 47. Qe5+ Kc6 48. Qe6+ Kc5 49. Qb6+ 1-0

[Event "Harkany Tenkes Cup 42nd"]
[Site "Harkany"]
[Date "2018.11.25"]
[Round "4"]
[White "Bihercz, Gabor"]
[Black "Monda, Laszlo"]
[Result "1-0"]
[WhiteElo "2230"]
[BlackElo "2072"]
[PlyCount "79"]
[EventDate "2018.11.23"]
[EventType "swiss"]
[EventRounds "9"]
[EventCountry "HUN"]
[SourceTitle "CBM 187 Extra"]
[Source "ChessBase"]
[SourceDate "2018.11.04"]
[SourceVersion "1"]
[SourceVersionDate "2018.11.04"]
[SourceQuality "1"]

1. e4 c5 2. Nf3 e6 3. d4 cxd4 4. Nxd4 a6 5. c4 Nf6 6. Nc3 Qc7 7. a3 b6 8. Be3 Bb7 9. Bd3 Nc6 10. Nxc6 Qxc6 11. Rc1 Bc5 12. Qe2 Bxe3 13. Qxe3 d6 14. 0-0 0-0 15. Rfd1 Rfd8 16. b4 Ng4 17. Qg3 Ne5 18. b5 axb5 19. cxb5 Qc5 20. Nd5 Qd4 21. Bb1 Qb2 22. Nxb6 Rxa3 23. Qh4 Re8 24. Nc4 Nxc4 25. Rxc4 Ra1 26. Rcc1 h6 27. e5 Kf8 28. exd6 Raa8 29. Rc7 Bd5 30. Qf4 Qf6 31. Qb4 Red8 32. Bd3 Kg8 33. d7 Ra2 34. Qc5 Qg5 35. Bf1 Kh7 36. b6 Rb2 37. Qd4 Qf6 38. Bd3+ Kg8 39. Qxf6 gxf6 40. Rc8 1-0

[Event "HUN-chT2 Charousek 1718"]
[Site "Hungary"]
[Date "2018.02.18"]
[Round "6.6"]
[White "Radnai, Adam"]
[Black "Bihercz, Gabor"]
[Result "1-0"]
[WhiteElo "2266"]
[BlackElo "2185"]
[PlyCount "127"]
[EventDate "2017.10.29"]
[EventType "team-tourn"]
[EventRounds "9"]
[EventCountry "HUN"]
[SourceTitle "EXT 2020"]
[Source "ChessBase"]
[SourceDate "2019.10.17"]
[SourceVersion "1"]
[SourceVersionDate "2019.10.17"]
[SourceQuality "1"]
[WhiteTeam "Szentgotthard Alsoszolnok"]
[BlackTeam "Komlo Banyasz"]
[WhiteTeamCountry "HUN"]
[BlackTeamCountry "HUN"]

1. d4 Nf6 2. Bf4 d5 3. e3 e6 4. Nf3 Bd6 5. Bg3 0-0 6. Nbd2 b6 7. Bd3 Ba6 8. Bxa6 Nxa6 9. Qe2 Nb4 10. 0-0 c5 11. c3 Bxg3 12. hxg3 Nc6 13. Rac1 Rc8 14. Rfd1 Qd6 15. e4 dxe4 16. Nxe4 Nxe4 17. Qxe4 cxd4 18. Nxd4 Qe5 19. Qxe5 Nxe5 20. Nb5 a6 21. Nd6 Rc7 22. f4 Ng4 23. Ne4 Rb8 24. Rd3 Kf8 25. c4 Ke7 26. Kf1 Rd8 27. Rxd8 Kxd8 28. Ke2 Ke7 29. Rc3 f5 30. Nd2 e5 31. b4 e4 32. Nb3 Nf6 33. Kd2 g6 34. a3 Rd7+ 35. Ke2 Rc7 36. Kd2 Rd7+ 37. Ke2 Rc7 38. c5 bxc5 39. Rxc5 Kd6 40. Ra5 Rc2+ 41. Ke1 Ng4 42. Rxa6+ Kc7 43. Ra7+ Kb6 44. Rxh7 Ne3 45. Rg7 Nxg2+ 46. Kd1 Ne3+ 47. Ke1 Ng2+ 48. Kd1 Rc3 49. Rxg6+ Kb5 50. Nd4+ Kc4 51. Nxf5 Rxa3 52. Rc6+ Kxb4 53. Re6 e3 54. Ke2 Ra2+ 55. Kf1 Rf2+ 56. Kg1 Re2 57. Nd4 Ra2 58. f5 Kc5 59. Nf3 Kd5 60. Re8 Rf2 61. Nh2 Nf4 62. gxf4 Rxf4 63. Nf1 Kd4 64. Nxe3 1-0

[Event "HUN-chT2 Charousek 1718"]
[Site "Hungary"]
[Date "2017.10.29"]
[Round "1.8"]
[White "Balogh, Peter1111"]
[Black "Bihercz, Gabor"]
[Result "1/2-1/2"]
[WhiteElo "2104"]
[BlackElo "2192"]
[PlyCount "36"]
[EventDate "2017.10.29"]
[EventType "team-tourn"]
[EventRounds "9"]
[EventCountry "HUN"]
[SourceTitle "EXT 2020"]
[Source "ChessBase"]
[SourceDate "2019.10.17"]
[SourceVersion "1"]
[SourceVersionDate "2019.10.17"]
[SourceQuality "1"]
[WhiteTeam "Gyor Szechenyi"]
[BlackTeam "Komlo Banyasz"]
[WhiteTeamCountry "HUN"]
[BlackTeamCountry "HUN"]

1. d4 Nf6 2. Bf4 d5 3. Nf3 e6 4. e3 Bd6 5. Ne5 0-0 6. Bd3 b6 7. Nd2 Bb7 8. c3 Ne4 9. Qc2 f5 10. Bxe4 fxe4 11. f3 Nd7 12. 0-0-0 Nf6 13. h4 b5 14. fxe4 Nxe4 15. Nxe4 dxe4 16. g4 Bd5 17. g5 Bxe5 18. Bxe5 Qe7 1/2-1/2

[Event "HUN-chT2 Charousek 1516"]
[Site "Hungary"]
[Date "2016.03.20"]
[Round "7.6"]
[White "Makk, Robert"]
[Black "Bihercz, Gabor"]
[Result "1/2-1/2"]
[WhiteElo "2226"]
[BlackElo "2161"]
[PlyCount "78"]
[EventDate "2015.10.18"]
[EventType "team-tourn"]
[EventRounds "9"]
[EventCountry "HUN"]
[SourceTitle "EXT 2017"]
[Source "ChessBase"]
[SourceDate "2016.10.25"]
[SourceVersion "1"]
[SourceVersionDate "2016.10.25"]
[SourceQuality "1"]
[WhiteTeam "SZASTE"]
[BlackTeam "Komlo"]
[WhiteTeamCountry "HUN"]
[BlackTeamCountry "HUN"]

1. e4 c5 2. Nf3 Nc6 3. d4 cxd4 4. Nxd4 Nf6 5. Nc3 g6 6. Be3 Bg7 7. Be2 0-0 8. 0-0 d6 9. Nb3 Be6 10. f4 Rc8 11. Bf3 a6 12. Nd5 Bxd5 13. exd5 Na5 14. Bd4 Nd7 15. Bxg7 Kxg7 16. Re1 Re8 17. c3 Nxb3 18. axb3 Qb6+ 19. Kh1 Nf6 20. b4 h5 21. Qd3 Qc7 22. Re2 Qc4 23. Qd2 Rc7 24. f5 e5 25. dxe6 fxe6 26. fxe6 Rxe6 27. Rxe6 Qxe6 28. Re1 Qf5 29. Qxd6 Rf7 30. h3 g5 31. Qe5 Qg6 32. Be4 Qh6 33. Rf1 g4 34. h4 Qe3 35. Rxf6 Rxf6 36. Qe7+ Rf7 37. Qe5+ Rf6 38. Qe7+ Rf7 39. Qe5+ Rf6 1/2-1/2

[Event "HUN-chT2 Charousek 1516"]
[Site "Hungary"]
[Date "2016.02.28"]
[Round "6.6"]
[White "Bihercz, Gabor"]
[Black "Szabo, Richard"]
[Result "1/2-1/2"]
[WhiteElo "2161"]
[BlackElo "2190"]
[PlyCount "33"]
[EventDate "2015.10.18"]
[EventType "team-tourn"]
[EventRounds "9"]
[EventCountry "HUN"]
[SourceTitle "EXT 2017"]
[Source "ChessBase"]
[SourceDate "2016.10.25"]
[SourceVersion "1"]
[SourceVersionDate "2016.10.25"]
[SourceQuality "1"]
[WhiteTeam "Komlo"]
[BlackTeam "Decs 1990"]
[WhiteTeamCountry "HUN"]
[BlackTeamCountry "HUN"]

1. e4 e6 2. d4 d5 3. exd5 exd5 4. Bd3 Nf6 5. Nf3 Bd6 6. 0-0 0-0 7. Bg5 Bg4 8. Nbd2 Nbd7 9. c3 c6 10. Qc2 Qc7 11. Rae1 Rfe8 12. Bh4 h6 13. Bg3 Bxg3 14. hxg3 Bxf3 15. gxf3 Rxe1 16. Rxe1 Re8 17. Rxe8+ 1/2-1/2

[Event "HUN-chT2 Charousek 1415"]
[Site "Hungary"]
[Date "2014.11.30"]
[Round "3"]
[White "Gal, Hanna Krisztina"]
[Black "Bihercz, Gabor"]
[Result "1/2-1/2"]
[WhiteElo "2061"]
[BlackElo "2121"]
[PlyCount "50"]
[EventDate "2014.10.12"]
[EventType "team-tourn"]
[EventRounds "9"]
[EventCountry "HUN"]
[SourceTitle "EXT 2016"]
[Source "ChessBase"]
[SourceDate "2015.10.08"]
[SourceVersion "1"]
[SourceVersionDate "2015.10.08"]
[SourceQuality "1"]
[WhiteTeam "Paks ASE II"]
[BlackTeam "Komlo"]
[WhiteTeamCountry "HUN"]
[BlackTeamCountry "HUN"]

1. e4 c5 2. Nf3 Nc6 3. Bb5 g6 4. 0-0 Bg7 5. c3 Qb6 6. Na3 d6 7. h3 Bd7 8. Re1 Nf6 9. d4 cxd4 10. cxd4 0-0 11. d5 Ne5 12. Nd4 Bxb5 13. Naxb5 Rfc8 14. Nc3 Nfd7 15. Nb3 Qa6 16. Re3 Nc4 17. Rg3 b5 18. Qe2 Qb6 19. Be3 Nxe3 20. Rxe3 a6 21. a4 Bxc3 22. bxc3 bxa4 23. Nd4 Nc5 24. e5 Nb3 25. Rxa4 Nxd4 1/2-1/2

[Event "HUN-chT2 Asztalos 1314"]
[Site "Hungary"]
[Date "2014.04.27"]
[Round "9"]
[White "Bihercz, Gabor"]
[Black "Nagy, Imre2222"]
[Result "1-0"]
[WhiteElo "2059"]
[BlackElo "1903"]
[PlyCount "105"]
[EventDate "2013.09.08"]
[EventType "team-tourn"]
[EventRounds "9"]
[EventCountry "HUN"]
[SourceTitle "EXT 2016"]
[Source "ChessBase"]
[SourceDate "2015.10.08"]
[SourceVersion "1"]
[SourceVersionDate "2015.10.08"]
[SourceQuality "1"]
[WhiteTeam "Baja"]
[BlackTeam "Szentlorinc"]
[WhiteTeamCountry "HUN"]
[BlackTeamCountry "HUN"]

1. e4 e5 2. Nf3 Nc6 3. Bc4 Nf6 4. d3 Bc5 5. c3 d6 6. b4 Bb6 7. 0-0 Be6 8. Nbd2 a6 9. Qb3 Qe7 10. Ng5 Bxc4 11. Nxc4 Ba7 12. Be3 b5 13. Nd2 h6 14. Ngf3 Qe6 15. Bxa7 Rxa7 16. a4 0-0 17. axb5 axb5 18. Rxa7 Nxa7 19. Ra1 Nc6 20. Qxe6 fxe6 21. Ra6 Ne7 22. Ra7 Rc8 23. Rb7 Ng6 24. g3 c6 25. Nb3 Kf8 26. Kf1 Ne7 27. Ke2 Ke8 28. Ra7 Nd7 29. Na5 Rb8 30. d4 c5 31. dxe5 dxe5 32. bxc5 Rc8 33. c6 Nxc6 34. Nxc6 Rxc6 35. Rxd7 Kxd7 36. Nxe5+ Kd6 37. Nxc6 Kxc6 38. Kd3 Kc5 39. f4 g6 40. h3 h5 41. g4 h4 42. Ke3 Kc4 43. f5 exf5 44. exf5 gxf5 45. gxf5 Kxc3 46. f6 b4 47. f7 b3 48. f8Q b2 49. Qb8 Kc2 50. Qc7+ Kb3 51. Qb6+ Kc3 52. Qd4+ Kc2 53. Qxh4 1-0

[Event "HUN-chT2 Asztalos 1314"]
[Site "Hungary"]
[Date "2014.02.16"]
[Round "5"]
[White "Fellegi, Tibor"]
[Black "Bihercz, Gabor"]
[Result "0-1"]
[WhiteElo "2052"]
[BlackElo "2059"]
[PlyCount "54"]
[EventDate "2013.09.08"]
[EventType "team-tourn"]
[EventRounds "9"]
[EventCountry "HUN"]
[SourceTitle "EXT 2016"]
[Source "ChessBase"]
[SourceDate "2015.10.08"]
[SourceVersion "1"]
[SourceVersionDate "2015.10.08"]
[SourceQuality "1"]
[WhiteTeam "Fehervar"]
[BlackTeam "Baja"]
[WhiteTeamCountry "HUN"]
[BlackTeamCountry "HUN"]

1. e4 c5 2. f4 Nc6 3. Nf3 g6 4. Bc4 Bg7 5. Nc3 e6 6. f5 Nge7 7. fxe6 fxe6 8. 0-0 0-0 9. d3 Nd4 10. Bg5 Qe8 11. Nxd4 Bxd4+ 12. Kh1 Nc6 13. Bh6 Rxf1+ 14. Qxf1 a6 15. Bb3 b5 16. Nd5 exd5 17. Bxd5+ Kh8 18. e5 Bxe5 19. Re1 Bb7 20. c3 Qe7 21. d4 cxd4 22. cxd4 Qh4 23. dxe5 Qxh6 24. Qf6+ Qg7 25. Qxg7+ Kxg7 26. e6 dxe6 27. Rxe6 Rd8 0-1

[Event "HUN-chT2 Asztalos 1314"]
[Site "Hungary"]
[Date "2013.11.03"]
[Round "4"]
[White "Vanya, Janos"]
[Black "Bihercz, Gabor"]
[Result "0-1"]
[WhiteElo "1930"]
[BlackElo "2059"]
[PlyCount "92"]
[EventDate "2013.09.08"]
[EventType "team-tourn"]
[EventRounds "9"]
[EventCountry "HUN"]
[SourceTitle "EXT 2016"]
[Source "ChessBase"]
[SourceDate "2015.10.08"]
[SourceVersion "1"]
[SourceVersionDate "2015.10.08"]
[SourceQuality "1"]
[WhiteTeam "Kaposvar Bastya"]
[BlackTeam "Baja"]
[WhiteTeamCountry "HUN"]
[BlackTeamCountry "HUN"]

1. d4 Nf6 2. Nf3 g6 3. c4 Bg7 4. Nc3 d6 5. g3 0-0 6. Bg2 c5 7. 0-0 Nc6 8. d5 Na5 9. Qd3 a6 10. Rb1 Rb8 11. Bg5 b5 12. Nd2 bxc4 13. Nxc4 Nxc4 14. Qxc4 Rb4 15. Qd3 h6 16. Bd2 Ng4 17. h3 Ne5 18. Qc2 a5 19. b3 Ba6 20. f4 Nd7 21. f5 g5 22. Kh2 Be5 23. Ne4 Rb8 24. Bc3 f6 25. Qd2 Bxc3 26. Nxc3 Ne5 27. Qe3 Qd7 28. Kh1 Kg7 29. h4 Rh8 30. Be4 Kf7 31. h5 Rb4 32. Rg1 Rhb8 33. g4 Qc7 34. Bf3 Bc8 35. Rbc1 Bd7 36. Kh2 a4 37. bxa4 Bxa4 38. Rb1 Qa5 39. Rxb4 cxb4 40. Nxa4 Qxa4 41. Qb3 Ra8 42. Kg3 Qxb3 43. axb3 Nd7 44. e3 Nc5 45. Rb1 Ra3 46. Bd1 Ne4+ 0-1

[Event "HUN-chT2 Asztalos 1314"]
[Site "Hungary"]
[Date "2013.09.08"]
[Round "1"]
[White "Haszon, Abel"]
[Black "Bihercz, Gabor"]
[Result "0-1"]
[WhiteElo "1718"]
[BlackElo "2059"]
[PlyCount "102"]
[EventDate "2013.09.08"]
[EventType "team-tourn"]
[EventRounds "9"]
[EventCountry "HUN"]
[SourceTitle "EXT 2016"]
[Source "ChessBase"]
[SourceDate "2015.10.08"]
[SourceVersion "1"]
[SourceVersionDate "2015.10.08"]
[SourceQuality "1"]
[WhiteTeam "Marcali"]
[BlackTeam "Baja"]
[WhiteTeamCountry "HUN"]
[BlackTeamCountry "HUN"]

1. e4 c5 2. Nf3 Nc6 3. d4 cxd4 4. Nxd4 g6 5. c4 Bg7 6. Be3 Nf6 7. f3 Qb6 8. Nf5 Qxb2 9. Nxg7+ Kf8 10. Nd2 Kxg7 11. Be2 d6 12. 0-0 Qc3 13. Bf2 Be6 14. Rb1 Rab8 15. Rb3 Qa5 16. Qc2 Rhc8 17. Qb2 Qc7 18. f4 b6 19. f5 Bd7 20. Bh4 Ne5 21. Nf3 Qc5+ 22. Bf2 Nxf3+ 23. Rxf3 Qc7 24. Bh4 Qc5+ 25. Kh1 Qe5 26. Qb1 Rf8 27. Bg3 Qxe4 28. Bd3 Qb7 29. Qb2 Bc6 30. R3f2 g5 31. Qd2 h6 32. h4 Rh8 33. Kg1 Rbg8 34. Qe2 Kf8 35. h5 Kg7 36. Re1 Re8 37. Qb2 Rd8 38. Rfe2 Rhe8 39. Rf1 Kg8 40. Be1 Be4 41. Qc2 Bxd3 42. Qxd3 Nd7 43. Bc3 f6 44. Rd1 Qc6 45. Re6 Kf7 46. Qe2 Qc5+ 47. Bd4 Qxf5 48. Re1 Ne5 49. Bxe5 dxe5 50. Rc6 Qd3 51. Qg4 Qd4+ 0-1

[Event "HUN-chT2 Asztalos 1213"]
[Site "Hungary"]
[Date "2013.04.21"]
[Round "9.2"]
[White "Bihercz, Gabor"]
[Black "Javor, Sandor"]
[Result "1-0"]
[WhiteElo "1998"]
[BlackElo "2206"]
[PlyCount "73"]
[EventDate "2012.09.16"]
[EventType "team-tourn"]
[EventRounds "9"]
[EventCountry "HUN"]
[SourceTitle "EXT 2014"]
[Source "ChessBase"]
[SourceDate "2013.11.20"]
[SourceVersion "1"]
[SourceVersionDate "2013.11.20"]
[SourceQuality "1"]
[WhiteTeam "Mohacs"]
[BlackTeam "Baja"]
[WhiteTeamCountry "HUN"]
[BlackTeamCountry "HUN"]

1. e4 g6 2. d4 Bg7 3. c4 d6 4. Nc3 Nd7 5. Be3 e5 6. d5 a5 7. Qd2 Ngf6 8. f3 h5 9. Bd3 Nc5 10. Nge2 Nxd3+ 11. Qxd3 Nd7 12. h3 h4 13. 0-0-0 Nc5 14. Qc2 Bh6 15. Qd2 Bxe3 16. Qxe3 Qe7 17. f4 Rh5 18. Qf3 Bd7 19. b3 0-0-0 20. Kb2 f5 21. g4 hxg3 22. Nxg3 fxe4 23. Ncxe4 Rh4 24. Nxc5 dxc5 25. fxe5 Qxe5+ 26. Ka3 Rf4 27. Qd3 Rf2 28. Rb1 Rdf8 29. Rhf1 b6 30. Rxf2 Rxf2 31. d6 Rg2 32. Ne4 Bf5 33. dxc7 Kxc7 34. Rd1 Bxe4 35. Qd8+ Kb7 36. Rd7+ Ka6 37. Qc8+ 1-0

[Event "HUN-chT2 Asztalos 1011"]
[Site "Hungary"]
[Date "2011.05.01"]
[Round "10.5"]
[White "Bihercz, Gabor"]
[Black "Mihalecz, Attila"]
[Result "1/2-1/2"]
[WhiteElo "1982"]
[BlackElo "2093"]
[PlyCount "61"]
[EventDate "2010.09.12"]
[EventType "team-tourn"]
[EventRounds "11"]
[EventCountry "HUN"]
[SourceTitle "EXT 2012"]
[Source "ChessBase"]
[SourceDate "2011.11.24"]
[SourceVersion "1"]
[SourceVersionDate "2011.11.24"]
[SourceQuality "1"]
[WhiteTeam "Mohacs"]
[BlackTeam "Nagyatad"]
[WhiteTeamCountry "HUN"]
[BlackTeamCountry "HUN"]

1. e4 b6 2. d4 Bb7 3. f3 e6 4. Be3 d5 5. e5 c5 6. c3 Ne7 7. Bb5+ Nbc6 8. Ne2 Nf5 9. Bf2 a6 10. Bd3 cxd4 11. cxd4 Qg5 12. Bxf5 Qxf5 13. 0-0 Nb4 14. Nbc3 Qd3 15. a3 Qxd1 16. Rfxd1 Nc6 17. b4 Be7 18. Rac1 Kd7 19. Na4 Kc7 20. Nec3 b5 21. Nb2 Kb6 22. Nd3 Rhc8 23. f4 g6 24. g4 Rg8 25. Kg2 Rh8 26. Kf3 h5 27. g5 Rhd8 28. Ke3 Rac8 29. Rc2 Rc7 30. Rdc1 Rdc8 31. Kd2 1/2-1/2

[Event "HUN-chT2 Asztalos 1011"]
[Site "Hungary"]
[Date "2011.03.27"]
[Round "7.6"]
[White "Bihercz, Gabor"]
[Black "Talaber, Istvan"]
[Result "0-1"]
[WhiteElo "1982"]
[BlackElo "1883"]
[PlyCount "56"]
[EventDate "2010.09.12"]
[EventType "team-tourn"]
[EventRounds "11"]
[EventCountry "HUN"]
[SourceTitle "EXT 2012"]
[Source "ChessBase"]
[SourceDate "2011.11.24"]
[SourceVersion "1"]
[SourceVersionDate "2011.11.24"]
[SourceQuality "1"]
[WhiteTeam "Mohacs"]
[BlackTeam "Pecs Karmin"]
[WhiteTeamCountry "HUN"]
[BlackTeamCountry "HUN"]

1. e4 e5 2. Nf3 d6 3. d4 Qe7 4. Nc3 Nf6 5. dxe5 dxe5 6. Bg5 c6 7. Bd3 Bg4 8. h3 Bh5 9. Qe2 h6 10. Bh4 g5 11. Bg3 Nbd7 12. 0-0-0 Bg7 13. h4 g4 14. Nd2 b5 15. f4 a5 16. fxe5 Nxe5 17. Bxb5 cxb5 18. Qxb5+ Nfd7 19. Nd5 Qd8 20. Nc4 Nxc4 21. Nc7+ Qxc7 22. Bxc7 Bxb2+ 23. Qxb2 Nxb2 24. Kxb2 Ra7 25. Bf4 Bg6 26. Rd5 0-0 27. Bxh6 Rb8+ 28. Kc1 Nf6 0-1

[Event "HUN-chT2 Asztalos 1011"]
[Site "Hungary"]
[Date "2010.11.07"]
[Round "5.6"]
[White "Bihercz, Gabor"]
[Black "Horvath, Janos"]
[Result "1-0"]
[WhiteElo "1982"]
[BlackElo "2091"]
[PlyCount "71"]
[EventDate "2010.09.12"]
[EventType "team-tourn"]
[EventRounds "11"]
[EventCountry "HUN"]
[SourceTitle "EXT 2012"]
[Source "ChessBase"]
[SourceDate "2011.11.24"]
[SourceVersion "1"]
[SourceVersionDate "2011.11.24"]
[SourceQuality "1"]
[WhiteTeam "Mohacs"]
[BlackTeam "Kaposvar Bastya"]
[WhiteTeamCountry "HUN"]
[BlackTeamCountry "HUN"]

1. e4 c5 2. Nf3 Nc6 3. d4 cxd4 4. Nxd4 Qb6 5. Nb3 e6 6. Be3 Qc7 7. a3 Nf6 8. Nc3 Be7 9. f3 0-0 10. Qd2 d5 11. exd5 Nxd5 12. Nxd5 exd5 13. 0-0-0 Rd8 14. Nd4 Bf6 15. g4 g6 16. h4 Ne5 17. Bg5 Qb6 18. Bxf6 Qxf6 19. g5 Qb6 20. h5 Bd7 21. hxg6 Qxg6 22. f4 Nc4 23. Bxc4 dxc4 24. Rh6 Qg7 25. Rdh1 Bc6 26. Rxh7 Qxd4 27. Qxd4 Rxd4 28. Rh8+ Kg7 29. R1h7+ Kg6 30. Rh6+ Kg7 31. Rxa8 Rxf4 32. Rxa7 Rf5 33. Rh4 b5 34. Rg4 Bd5 35. g6 Kf6 36. g7 1-0

[Event "HUN-chT2 Asztalos 1011"]
[Site "Hungary"]
[Date "2010.09.26"]
[Round "2.6"]
[White "Horvath, Csaba2222"]
[Black "Bihercz, Gabor"]
[Result "1/2-1/2"]
[WhiteElo "1811"]
[BlackElo "1982"]
[PlyCount "63"]
[EventDate "2010.09.12"]
[EventType "team-tourn"]
[EventRounds "11"]
[EventCountry "HUN"]
[SourceTitle "EXT 2012"]
[Source "ChessBase"]
[SourceDate "2011.11.24"]
[SourceVersion "1"]
[SourceVersionDate "2011.11.24"]
[SourceQuality "1"]
[WhiteTeam "Pannonpower II"]
[BlackTeam "Mohacs"]
[WhiteTeamCountry "HUN"]
[BlackTeamCountry "HUN"]

1. d4 Nf6 2. c4 g6 3. Nc3 Bg7 4. e4 d6 5. f3 0-0 6. Be3 c6 7. Qd2 a6 8. Bd3 b5 9. b3 Nbd7 10. Nge2 b4 11. Na4 c5 12. 0-0 cxd4 13. Bxd4 Rb8 14. Rac1 a5 15. Rc2 Bb7 16. Rfc1 Bc6 17. Nb2 Nc5 18. Qe3 Nfd7 19. Bxg7 Kxg7 20. Nd4 Qb6 21. Nxc6 Qxc6 22. Qd4+ Kg8 23. Be2 Ne6 24. Qe3 Qc5 25. Kf2 f5 26. Qxc5 Ndxc5 27. exf5 gxf5 28. Rd1 Kg7 29. g3 f4 30. Kg2 Rf6 31. g4 h5 32. h3 1/2-1/2

[Event "HUN-chT2 Asztalos 0910"]
[Site "Hungary"]
[Date "2009.11.22"]
[Round "2"]
[White "Hagymasi, Janos"]
[Black "Bihercz, Gabor"]
[Result "1/2-1/2"]
[WhiteElo "2000"]
[BlackElo "1992"]
[PlyCount "76"]
[EventDate "2009.11.08"]
[EventType "team-tourn"]
[EventRounds "11"]
[EventCountry "HUN"]
[SourceTitle "EXT 2011"]
[Source "ChessBase"]
[SourceDate "2010.11.26"]
[SourceVersion "1"]
[SourceVersionDate "2010.11.26"]
[SourceQuality "1"]
[WhiteTeam "Veszprem"]
[BlackTeam "Mohacs"]
[WhiteTeamCountry "HUN"]
[BlackTeamCountry "HUN"]

1. e4 c5 2. Nf3 g6 3. d4 cxd4 4. Qxd4 Nf6 5. Bb5 Bg7 6. e5 Ng8 7. 0-0 Nc6 8. Qe4 f5 9. Qe2 e6 10. Nbd2 Nh6 11. Nc4 Nf7 12. Bxc6 bxc6 13. Be3 Ba6 14. Nd6+ Nxd6 15. Qxa6 Nf7 16. Bd4 g5 17. Rfe1 Qc7 18. Qe2 g4 19. Nd2 c5 20. Bc3 0-0 21. Nc4 h5 22. Rad1 Ng5 23. Qd3 Rf7 24. Nd6 Re7 25. Qg3 Kh7 26. Qh4 Kg6 27. Qg3 Rf8 28. Bd2 Bh6 29. h3 gxh3 30. gxh3 h4 31. Qd3 Rg7 32. Kh2 Kh7 33. Rg1 Qc6 34. Bxg5 Bxg5 35. f3 Bf4+ 36. Kh1 Bxe5 37. Rxg7+ Kxg7 38. Nc4 Kf6 1/2-1/2

[Event "HUN-chT2 Asztalos 0708"]
[Site "Hungary"]
[Date "2008.03.30"]
[Round "9"]
[White "Bihercz, Gabor"]
[Black "Toth, Zoltan Jr"]
[Result "1/2-1/2"]
[WhiteElo "1938"]
[BlackElo "1997"]
[PlyCount "85"]
[EventDate "2007.10.14"]
[EventType "team"]
[EventRounds "11"]
[EventCountry "HUN"]
[SourceTitle "EXT 2009"]
[Source "ChessBase"]
[SourceDate "2008.11.26"]
[SourceVersion "1"]
[SourceVersionDate "2008.11.26"]
[SourceQuality "1"]
[WhiteTeam "Mohacs"]
[BlackTeam "Dombovar"]
[WhiteTeamCountry "HUN"]
[BlackTeamCountry "HUN"]

1. e4 c5 2. Nf3 e6 3. d4 cxd4 4. Nxd4 a6 5. Nc3 Qc7 6. Be3 Bb4 7. Qd2 Nf6 8. f3 d5 9. Bd3 e5 10. a3 Bxc3 11. bxc3 exd4 12. cxd4 dxe4 13. fxe4 Bg4 14. c4 0-0 15. e5 Nfd7 16. 0-0 Bh5 17. Qf2 Nc6 18. Bxh7+ Kxh7 19. Qh4 g6 20. g4 Kg7 21. gxh5 Rh8 22. h6+ Kg8 23. e6 fxe6 24. Qe4 Nf8 25. Rxf8+ Kxf8 26. Rf1+ Ke8 27. Qxg6+ Kd7 28. Rf7+ Ne7 29. Qf6 Rae8 30. Rxe7+ Rxe7 31. Qxh8 Qc8 32. Qxc8+ Kxc8 33. Kf2 Kd7 34. Kf3 Ke8 35. Ke4 Kf7 36. Ke5 Kg6 37. Kd6 Rf7 38. h4 Kf5 39. Bg5 Rh7 40. d5 exd5 41. Kxd5 Rd7+ 42. Kc5 Ke5 43. Kb6 1/2-1/2

[Event "HUN-chT2 Asztalos 0708"]
[Site "Hungary"]
[Date "2008.03.16"]
[Round "8"]
[White "Bihercz, Gabor"]
[Black "Czimer, Jozsef"]
[Result "1-0"]
[WhiteElo "1938"]
[BlackElo "1932"]
[PlyCount "83"]
[EventDate "2007.10.14"]
[EventType "team"]
[EventRounds "11"]
[EventCountry "HUN"]
[SourceTitle "EXT 2009"]
[Source "ChessBase"]
[SourceDate "2008.11.26"]
[SourceVersion "1"]
[SourceVersionDate "2008.11.26"]
[SourceQuality "1"]
[WhiteTeam "Mohacs"]
[BlackTeam "Elore MAV"]
[WhiteTeamCountry "HUN"]
[BlackTeamCountry "HUN"]

1. e4 e5 2. Nf3 Nc6 3. Bb5 a6 4. Ba4 Nf6 5. d4 b5 6. Bb3 Bd6 7. 0-0 0-0 8. Bg5 Qe7 9. Bd5 Rb8 10. c3 Nd8 11. Nh4 Ne6 12. Nf5 Qe8 13. Bxf6 gxf6 14. Qg4+ Kh8 15. Bxe6 Rg8 16. Bxf7 Qxf7 17. Nxd6 cxd6 18. Qf3 Qg6 19. d5 a5 20. g3 Ba6 21. Re1 b4 22. Nd2 h5 23. h4 Kg7 24. Nf1 Bxf1 25. Kxf1 Rgc8 26. cxb4 Rxb4 27. b3 Rc2 28. Qd3 Rb2 29. Qc3 Rxf2+ 30. Kxf2 Rxe4 31. Qf3 Rg4 32. Qe3 e4 33. Rad1 Qf5+ 34. Kg2 Qe5 35. Rf1 Kf7 36. Rf4 Rg6 37. Qxe4 Qb2+ 38. Rf2 Qc3 39. Rd3 Qa1 40. Re3 Qe5 41. Qxe5 dxe5 42. Rxe5 1-0